Qué hora es allá?: América y el islam en los albores de la modernidad

Zapisane w:
Opis bibliograficzny
1. autor: Gruzinski, Serge (autor)
Format: Książka
Język:hiszpański
Wydane: Ciudad de México Fondo de Cultura Económica 2015
Wydanie:1a. ed
Seria:Sección de Obras de Historia
Hasła przedmiotowe:
Etykiety: Dodaj etykietę
Nie ma etykietki, Dołącz pierwszą etykiete!

MARC

LEADER 00000cam a2200000 a 4500
001 UCD2501
003 CL-VaPUC
008 160428e20150000mx |||||||||||||||||spa|d
020 |a 9786071622327 
082 0 4 |a 940.252  |b GRU  |2 21 
100 |a Gruzinski, Serge  |e autor  |9 245671 
245 1 0 |a Qué hora es allá?: América y el islam en los albores de la modernidad 
250 |a 1a. ed 
300 |a 194 p 
942 |c BK 
945 |d 20160428 21:50:00  |a arojas 
260 |a Ciudad de México  |b Fondo de Cultura Económica  |c 2015 
650 7 |a HISTORIA DE MEXICO SIGLO 21  |2 CL-VaPUC  |9 585853 
650 7 |a HISTORIA DE TURQUIA  |2 CL-VaPUC  |9 440763 
650 7 |a ISLAM  |2 CL-VaPUC  |9 349147 
650 0 |a Costumbres y tradiciones   |9 268292 
583 |a last modification  |c 20160817 04:05:37  |k Rodrigo Vera 
490 0 |a Sección de Obras de Historia 
999 |c 363663  |d 363661 
952 |0 0  |1 0  |3 erb  |4 0  |6 940_252000000000000_GRU_2015  |7 0  |8 A  |9 476294  |a BIBART  |b BIBART  |i 528404K  |o 940.252 GRU 2015  |p 528404K  |r 2025-03-13  |w 2019-11-24  |y BK  |z Catalogado en:20160428  |k ART